Brunhild : eine Tragödie aus der Nibelungensage /

Hlavní autor: Geibel, Emanuel, 1815-1884
Jazyk: Němčina
Vydáno: Stuttgart : Cotta, 1861
Vydání: 2. Aufl.
Fyzický popis: 172 s.
Knihy
Uloženo v:
LEADER 00635nam a22002172a 4500
001 000945852
003 CZ BrMZK
005 20100527124431.0
007 ta
008 090611s1861 gw er|||||||||||ger d
040 |a BOA001  |b cze 
100 1 |a Geibel, Emanuel,  |d 1815-1884  |7 mzk2010578421  |4 aut 
245 1 0 |a Brunhild :  |b eine Tragödie aus der Nibelungensage /  |c Emanuel Geibel 
250 |a 2. Aufl. 
260 |a Stuttgart :  |b Cotta,  |c 1861 
300 |a 172 s. 
910 |a BOA001  |b 1-0605.775 
990 |a BK 
993 |a Y 
991 |b 200906 
996 6 |b 2619325166  |c 1-0605.775  |l MZK  |r Sklad / do 1 hodiny  |n 1  |w 000945852  |u 000010  |a 1  |e BOA001  |j MZK50  |s P